Das Sein und das Nichts : versuch einer Phanomenologischen ontologie

Αποθηκεύτηκε σε:
Λεπτομέρειες βιβλιογραφικής εγγραφής
Κύριος συγγραφέας: Sartre, Jean-Paul, 1905-1980
Μορφή: Βιβλίο
Γλώσσα:German
Δημοσίευση: [Hamburg] : Rowohlt, [1962]
Θέματα:
Ετικέτες: Προσθήκη ετικέτας
Δεν υπάρχουν, Καταχωρήστε ετικέτα πρώτοι!

MARC

LEADER 00000cam a2200000 i 4500
001 1/31103
008 060615s1962 ger d
035 |l 10084320 
040 |a GR-MY-UA  |b gre  |e aacr 
041 0 |a ger 
082 0 |a 142.7  |2 (22) 
100 1 |a Sartre, Jean-Paul,   |d 1905-1980. 
245 1 4 |a Das Sein und das Nichts :  |b versuch einer Phanomenologischen ontologie /  |c Jean - Paul Sartre 
260 |a [Hamburg] :   |b Rowohlt,   |c [1962] 
300 |a 785 σ.;  |c 21 εκ. 
600 1 0 |a Sartre, Jean-Paul,   |d 1905-1980. 
650 0 0 |a Existentialism. 
650 0 0 |a Idealism. 
650 0 0 |a Phenomenology. 
852 |a INST  |b RHODES  |c KRI  |e 20060615  |h  142.7 SAR  |p 005400024866  |q 005400024866  |t BK  |y 0 
901 |a BIBL4-2006-2 
909 |a Ρ  |b 123803 
970 |a ΚΟΖΑ  |b ΜΑΡΙΑ  |z 2006/06/15